<?xml version="1.0" encoding="UTF-8"?>
<collection xmlns="http://www.loc.gov/MARC21/slim">
 <record>
  <leader>02020cas a2200241 a 4500</leader>
  <controlfield tag="001">AALejournalIMF008708</controlfield>
  <controlfield tag="008">230101c9999    xx  r poo     0    0eng d</controlfield>
  <datafield tag="020" ind1=" " ind2=" ">
   <subfield code="c">5.00 USD</subfield>
  </datafield>
  <datafield tag="020" ind1=" " ind2=" ">
   <subfield code="z">9781451843705</subfield>
  </datafield>
  <datafield tag="022" ind1=" " ind2=" ">
   <subfield code="a">1018-5941</subfield>
  </datafield>
  <datafield tag="040" ind1=" " ind2=" ">
   <subfield code="a">BD-DhAAL</subfield>
   <subfield code="c">BD-DhAAL</subfield>
  </datafield>
  <datafield tag="100" ind1="1" ind2=" ">
   <subfield code="a">Hu, Zuliu.</subfield>
  </datafield>
  <datafield tag="245" ind1="1" ind2="4">
   <subfield code="a">The Yield Curve and Real Activity /</subfield>
   <subfield code="c">Zuliu Hu.</subfield>
  </datafield>
  <datafield tag="264" ind1=" " ind2="1">
   <subfield code="a">Washington, D.C. :</subfield>
   <subfield code="b">International Monetary Fund,</subfield>
   <subfield code="c">1993.</subfield>
  </datafield>
  <datafield tag="300" ind1=" " ind2=" ">
   <subfield code="a">1 online resource (38 pages)</subfield>
  </datafield>
  <datafield tag="490" ind1="1" ind2=" ">
   <subfield code="a">IMF Working Papers</subfield>
  </datafield>
  <datafield tag="500" ind1=" " ind2=" ">
   <subfield code="a">&lt;strong&gt;Off-Campus Access:&lt;/strong&gt; No User ID or Password Required</subfield>
  </datafield>
  <datafield tag="500" ind1=" " ind2=" ">
   <subfield code="a">&lt;strong&gt;On-Campus Access:&lt;/strong&gt; No User ID or Password Required</subfield>
  </datafield>
  <datafield tag="506" ind1=" " ind2=" ">
   <subfield code="a">Electronic access restricted to authorized BRAC University faculty, staff and students</subfield>
  </datafield>
  <datafield tag="520" ind1="3" ind2=" ">
   <subfield code="a">The financial press frequently suggest that the shape of yield curve reflects information about the prospects of the economy. This paper attempts to formalize the link between the yield curve and the real economic activity. A closed-form formula for the term structure of interest rates is derived. It is shown that the term structure embodies the market's expectation about changes in the macroeconomic fundamental--the growth in real aggregate output of the economy. The paper then documents the use of bond market data for predicting GDP growth in the G-7 industrial countries. The results suggest that a simple measure of the slope of the yield curve, namely the yield spread, serves as a good predictor of future economic growth. The out-of-sample forecasting performance of the yield spread compares favorably with that of the alternative stock price-based model and a univariate time series (ARMA) model. One practical implication is that it may be useful to add some measure of the term structure to the list of.</subfield>
  </datafield>
  <datafield tag="538" ind1=" " ind2=" ">
   <subfield code="a">Mode of access: Internet</subfield>
  </datafield>
  <datafield tag="830" ind1=" " ind2="0">
   <subfield code="a">IMF Working Papers; Working Paper ;</subfield>
   <subfield code="v">No. 1993/019</subfield>
  </datafield>
  <datafield tag="856" ind1="4" ind2="0">
   <subfield code="z">Full text available on IMF</subfield>
   <subfield code="u">http://elibrary.imf.org/view/journals/001/1993/019/001.1993.issue-019-en.xml</subfield>
   <subfield code="z">IMF e-Library</subfield>
  </datafield>
 </record>
</collection>
